| 000 | 00584nam a2200193 a 4500 | ||
|---|---|---|---|
| 001 | 000045843 | ||
| 003 | OSt | ||
| 005 | 20201127080153.0 | ||
| 008 | 150519s1980 dr 000 0 spa d | ||
| 040 |
_aDO-SdBNP _bspa _cBNPHU |
||
| 082 |
_axxxx _bC112L |
||
| 100 | 1 |
_aCabanes Vicedo, Santiago _937804 |
|
| 245 | 1 | 0 |
_aLengua española estructural 1 : _bprimero de educación media (plan de la reforma) _cSantiago Cabanes Vicedo. |
| 260 |
_aSanto Domingo : _bSusaeta, _c1980. |
||
| 300 |
_a384 p.: _c21 cm. |
||
| 590 | _aInventariado, 2020/ YL | ||
| 910 | _aYLockward | ||
| 942 |
_2ddc _cLBS1 |
||
| 999 |
_c45332 _d45332 |
||